LEADER 01147nam a2200265 i 4500 001 000000071994 003 CaOOAMICUS 005 20090205000000.0 008 090205s1958 it u000 u ita u 013 $a43166 040 $aSeMil$bita 100 1 $aDewey, John,$d<1859-1952>.$0(OLS)http://semarc/name/34686 240 14$aThe sources of a science of education.$0(OLS)http://semarc/title/115958 245 13$aLe fonti di una scienza dell'educazione /$cJohn Dewey ; [trad. di Mariuma Tioli Gabrieli]. 250 $a1. Rist. 260 $aFirenze :$bLa Nuova Italia,$c1958. 300 $a58 p. ;$c21 cm. 490 0 $aEducatori antichi e moderni ;$v76 650 4$aEducazione e scienza.$0(OLS)http://semarc/subject/14484 700 1 $aGabrieli, Mariuma.$0(OLS)http://semarc/name/35698 830 0$aEducatori antichi e moderni ;$v76.$0(OLS)http://semarc/title/7224 850 $aSeMil 852 $aSeMil$W1$xVenegono$y1$m2P V 230$j38147$B38147$CSeMilBibl$Z2$F38150 $81 996 $6245$aLe fonti di una scienza dell'educazione$9(OLS)http://semarc/title/115957 996 $6260$aFirenze :$bLa Nuova Italia$9(OLS)http://semarc/publisher/30055 LEADER 00953nam a2200241 i 4500 001 000000114576 003 CaOOAMICUS 005 20150126000000.0 008 150126s1971 it u000 u ita u 013 $a87263 040 $aSeMil$bita 100 1 $aPirovano, Desiderio,$d<1929-1998>.$0(OLS)http://semarc/name/47891 245 10$aEducazione al matrimonio /$cDesiderio Pirovano. 260 $aRovigo :$bIstituto Padano Arti Grafiche,$c1971. 300 $a6 p. ;$c25 cm. 500 $aFondo card. Giovanni Colombo. 650 4$aMatrimonio - Sessualità - Morale cristiana.$0(OLS)http://semarc/subject/20868 850 $aSeMil 852 $aSeMil$W1$xVenegono$y1$m3GC VIII 211/13$j70132$B70132$CSeMilBibl$Z2$F75120 $8B 941 1 $a3 961 $aLascito: Colombo Card. Giovanni 996 $6245$aEducazione al matrimonio$9(OLS)http://semarc/title/167520 996 $6260$aRovigo :$bIstituto Padano Arti Grafiche$9(OLS)http://semarc/publisher/31701